Комплексные числа в жизни человека; Современное состояние и проблемы естественных наук

Bibliografski detalji
Parent link:Современное состояние и проблемы естественных наук.— 2015.— [С. 264-266]
Glavni autor: Бомуллоев Ш. З.
Autor kompanije: Национальный исследовательский Томский политехнический университет (ТПУ) Юргинский технологический институт (ЮТИ)
Daljnji autori: Журавлев В. А. Василий Александрович
Sažetak:Заглавие с титульного экрана
Jezik:ruski
Izdano: 2015
Serija:Прикладные задачи математики в области инженерных наук
Teme:
Online pristup:http://earchive.tpu.ru/handle/11683/19888
http://www.lib.tpu.ru/fulltext/c/2015/C68/086.pdf
Format: MixedMaterials Elektronički Poglavlje knjige
KOHA link:https://koha.lib.tpu.ru/cgi-bin/koha/opac-detail.pl?biblionumber=613538

MARC

LEADER 00000naa2a2200000 4500
001 613538
005 20231101132749.0
035 |a (RuTPU)RU\TPU\conf\11683 
035 |a RU\TPU\conf\11680 
090 |a 613538 
100 |a 20150818d2015 k y0rusy50 ca 
101 0 |a rus 
102 |a RU 
105 |a y z 101zy 
135 |a drgn ---uucaa 
181 0 |a i  
182 0 |a b 
200 1 |a Комплексные числа в жизни человека  |f Ш. З. Бомуллоев, В. А. Журавлев 
203 |a Текст  |c электронный 
225 1 |a Прикладные задачи математики в области инженерных наук 
230 |a 1 компьютерный файл (pdf; 267 Кб) 
300 |a Заглавие с титульного экрана 
320 |a [Библиогр.: с. 266 (3 назв.)] 
337 |a Adobe Reader 
463 0 |0 (RuTPU)RU\TPU\conf\11633  |t Современное состояние и проблемы естественных наук  |o сборник трудов II Всероссийской научно-практической конференции молодых ученых, аспирантов и студентов, г. Юрга, 4-5 июня 2015 г.  |f Национальный исследовательский Томский политехнический университет (ТПУ), Юргинский технологический институт (филиал) (ЮТИ), Кафедра естественного научного образования (ЕНО) ; ред кол. О. Б. Березовская [и др.]  |v [С. 264-266]  |d 2015 
610 1 |a труды учёных ТПУ 
610 1 |a электронный ресурс 
610 1 |a комплексные числа 
610 1 |a математика 
610 1 |a комплексные переменные 
610 1 |a история 
700 1 |a Бомуллоев  |b Ш. З. 
701 1 |a Журавлев  |b В. А.  |c специалист в области естественного научного образования  |c старший преподаватель Юргинского технологического института (филиала) Томского политехнического университета  |f 1959-  |g Василий Александрович  |2 stltpush  |3 (RuTPU)RU\TPU\pers\24292 
712 0 2 |a Национальный исследовательский Томский политехнический университет (ТПУ)  |b Юргинский технологический институт (ЮТИ)  |c (2009- )  |h 349  |2 stltpush  |3 (RuTPU)RU\TPU\col\15903 
801 2 |a RU  |b 63413507  |c 20210216  |g RCR 
856 4 |u http://earchive.tpu.ru/handle/11683/19888 
856 4 |u http://www.lib.tpu.ru/fulltext/c/2015/C68/086.pdf 
942 |c BK